India's silent revolution : (Record no. 3011)

MARC details
000 -LEADER
fixed length control field 00976nam a2200241 a 4500
005 - DATE AND TIME OF LATEST TRANSACTION
control field 20260112063258.0
020 ## - INTERNATIONAL STANDARD BOOK NUMBER
International Standard Book Number 8178240807
020 ## - INTERNATIONAL STANDARD BOOK NUMBER
International Standard Book Number 9788178240800
039 ## - LEVEL OF BIBLIOGRAPHIC CONTROL AND CODING DETAIL [OBSOLETE]
Level of rules in bibliographic description 202111081239
Level of effort used to assign nonsubject heading access points staff
Level of effort used to assign subject headings 201206280134
Level of effort used to assign classification staff
Level of effort used to assign subject headings 201007140143
Level of effort used to assign classification staff
Level of effort used to assign subject headings 201007140142
Level of effort used to assign classification staff
-- 201007140130
-- staff
082 ## - DEWEY DECIMAL CLASSIFICATION NUMBER
Classification number 305.5688
Item number JAF [ Shelf 18 ]
100 ## - MAIN ENTRY--PERSONAL NAME
Personal name Jaffrelot, Christophe.
245 ## - TITLE STATEMENT
Title India's silent revolution :
Remainder of title the rise of the lower castes in North Indian Politics /
Statement of responsibility, etc. Christophe Jaffrelot.
260 ## - PUBLICATION, DISTRIBUTION, ETC.
Place of publication, distribution, etc. Delhi :
Name of publisher, distributor, etc. Permanent Black,
Date of publication, distribution, etc. c2003.
300 ## - PHYSICAL DESCRIPTION
Extent xiv, 505 p. ;
Dimensions 22 cm.
504 ## - BIBLIOGRAPHY, ETC. NOTE
Bibliography, etc. note Includes bibliographical references (p. 497-500) and index.
650 ## - SUBJECT ADDED ENTRY--TOPICAL TERM
Topical term or geographic name entry element Dalits
General subdivision Political activity
Geographic subdivision India.
650 ## - SUBJECT ADDED ENTRY--TOPICAL TERM
Topical term or geographic name entry element Caste
Geographic subdivision India.
651 ## - SUBJECT ADDED ENTRY--GEOGRAPHIC NAME
Geographic name India
General subdivision Politics and government
Chronological subdivision 1947-
651 ## - SUBJECT ADDED ENTRY--GEOGRAPHIC NAME
Geographic name India
General subdivision Social conditions
Chronological subdivision 1947-
991 ## -
-- VIRTUA40
991 ## -
-- VTLSSORT0080*0200*0201*0820*1000*2450*2600*3000*5040*6500*6501*6510*6511*9992
909 ## -
-- 3412
Holdings
Withdrawn status Lost status Damaged status Not for loan Home library Current library Date acquired Total checkouts Full call number Barcode Copy number Koha item type
        Indian Institute Of Management, Shillong Indian Institute Of Management, Shillong 05/08/2010   305.5688 JAF [ Shelf 18 ] 0008429   Reference
        Indian Institute Of Management, Shillong Indian Institute Of Management, Shillong 05/08/2010   305.5688 JAF [ Shelf 18 ] 0008430 1 Book
        Indian Institute Of Management, Shillong Indian Institute Of Management, Shillong 05/08/2010   305.5688 JAF [ Shelf 18 ] 0008431 2 Book
Copyright © 2026 Indian Institute of Management Shillong. All Rights Reserved.